Economic deglobalization - from hypothesis to reality
Definícia pojmu deglobalizácia. Meranie deglobalizácie. Je deglobalizácia dlhodobý fenomén? Vývoj indexu globalizácie v rokoch 1980-2011 na globálnej úrovni, globálne toky priamych zahraničných investícií počas rokov 2004-2012.
Salvato in:
| Autore principale: | |
|---|---|
| Altri autori: | , |
| Natura: | Capitolo di libro |
| Lingua: | inglese |
| Soggetti: | |
| Tags: |
Nessun Tag, puoi essere il primo ad aggiungerne!!
|
MARC
| LEADER | 00000naa a2200000 4500 | ||
|---|---|---|---|
| 001 | 0204214 | ||
| 005 | 20240426084324.1 | ||
| 041 | 0 | |a eng | |
| 044 | |a CZ | ||
| 245 | 1 | 0 | |a Economic deglobalization - from hypothesis to reality |c Cătălin Postelnicu, Vasile Dinu, Dan-Cristian Dabija |
| 520 | |a Definícia pojmu deglobalizácia. Meranie deglobalizácie. Je deglobalizácia dlhodobý fenomén? Vývoj indexu globalizácie v rokoch 1980-2011 na globálnej úrovni, globálne toky priamych zahraničných investícií počas rokov 2004-2012. | ||
| 610 | 2 | 0 | |a globalizácia |
| 610 | 2 | 0 | |a deglobalizácia |
| 610 | 2 | 0 | |a index globalizácie |
| 610 | 2 | 0 | |a obchod medzinárodný |
| 610 | 2 | 0 | |a investície priame zahraničné |
| 610 | 2 | 0 | |a integrácia ekonomická |
| 100 | 1 | |a Postelnicu, Cătălin | |
| 700 | 1 | |a Dinu, Vasile | |
| 700 | 1 | |a Dabija, Dan-Cristian | |